000 01041cam a22001934a 4500
005 20250605164408.0
008 250528s ||||||||||||||||||||||||d
035 _a24928
040 _aGR-AtMCL
_bgre
_dGR-AtMCL
_eAACR2
245 1 _aDesign Aids for Eurocode 2 and Design of Concrete Structures / Design Aids for ENV 1992-1-1 Eyrocode 2 and Betonvereniging the Concrete Society
250 _a1st
260 _bCrc Press,
_c2019
300 _a248
520 _aThis book will be a valuable work tool for designers of concrete structures encouraging and facilitating the use of EC2. Preface, General Information, Main Symbols Used in EC2, Overview of Flow Charts, Design Requirements, Calculation Methods, Material Properties, Basic Design, Bending and Longitudinal Force, Shear and Torsion, Punching, Elements with Second Order Effects, Control of Cracking, Deflections, Detailing, Numerical Examples Designed to ENV 1992-1-1, Index.
700 1 _aDeutscher Beton-Verein
_99675
942 _cBK
999 _c9758
_d9758